| 000 | 01084nam a2200265 a 4500 | ||
|---|---|---|---|
| 001 | 000161048 | ||
| 003 | AM-YEHGA | ||
| 005 | 20250617164715.0 | ||
| 008 | 030329s1983 ru a|||gr|||||||||0|rus|d | ||
| 040 | _aAM-YeHGA | ||
| 041 | 1 |
_arus _heng |
|
| 100 | 1 | _aАдамсон, Джой | |
| 245 | 1 | 0 |
_aПятнистый сфинкс : _bПиппа бросает вызов / _cД. Адамсон ; Пер. с англ. М.Н. Ковалевой ; Предисл. В.Е. Флинта. |
| 250 | _a4-е изд., стерeотип. | ||
| 260 |
_aМосква : _bМир, _c1983. |
||
| 300 |
_a368 с. : _bил. ; _c22 см. |
||
| 534 |
_pОригинал на англ. : _tThe Spotted Sphinx : _kPipa's Challenge / _aJoy Adamson - _cLondon : Collins and Harvill Press : 1972 |
||
| 650 | 1 | 4 | _aЭкология |
| 650 | 1 | 4 | _aЖивотное и окружающая среда |
| 700 | 1 |
_aКовалева, М.Н. _eпер. _4trl |
|
| 700 | 1 |
_aФлинт, В.Е. _eавт., предисл. _4aui |
|
| 740 | 0 | _aПиппа бросает вызов | |
| 942 |
_cBK _2udc |
||
| 090 | _c566628 | ||
| 999 |
_c528419 _d528419 |
||